| 000 | 01198nam a22003257a 4500 | ||
|---|---|---|---|
| 005 | 20201128021045.0 | ||
| 008 | 140402r19922013xxk fr2b 001 0 eng d | ||
| 020 | _a9780745610771 | ||
| 041 | 1 |
_aeng _hger |
|
| 082 | 0 | 4 |
_222 _a301.01 _bHAB |
| 100 | 1 |
_935863 _aHabermas, Jürgen |
|
| 245 | 1 | 4 |
_aThe structural transformation of the public sphere : _ban inquiry into a category of bourgeois society / _cJürgen Habermas ; translated by Thomas Burger with the assistance of Frederick Lawrence. |
| 250 | _aReprinted ed. | ||
| 260 |
_aCambridge, United Kingdom : _bPolity Press, _c1992. _f(Acid-Free Paper) |
||
| 300 |
_axix, 301 p. ; _c23 cm. |
||
| 500 | _aIndex : p. 299-301. | ||
| 500 | _aReprint of the 1992 ed. | ||
| 504 | _aBibliography : p. 251-298. | ||
| 546 | _aTranslated from German. | ||
| 650 | 0 |
_9774 _aSociology _xMethodology |
|
| 650 | 0 |
_91542 _aSocial structure |
|
| 650 | 0 |
_aPublic interest _935864 |
|
| 650 | 0 |
_aMiddle class _934198 |
|
| 653 |
_bENGARC _cApril2014 |
||
| 655 |
_vreading book _934232 |
||
| 650 | 0 |
_911062 _aPolitical sociology |
|
| 700 | 1 |
_aBurger, Thomas _etranslator. |
|
| 700 | 1 |
_aLawrence, Frederick _etranslator. _924332 |
|
| 942 |
_2ddc _k301.01 HAB |
||
| 999 |
_c18201 _d18173 |
||